| 000 | 00835nam a2200241Ia 4500 | ||
|---|---|---|---|
| 003 | OSt | ||
| 005 | 20220926040557.0 | ||
| 006 | a|||||r|||| 00| 0 | ||
| 007 | ta | ||
| 008 | 220923b |||||||| |||| 00| 0 eng d | ||
| 037 | _cGeneral Book | ||
| 040 |
_aRTL _cRTL _beng |
||
| 041 |
_2eng _aeng |
||
| 082 | _aX:770gT.5923.N6, K5 | ||
| 110 |
_aOrganisationfor economic cooperationa nd development scientific affairs(Directorate for-) _9343795 |
||
| 245 | 0 | _aEducation and development country reports Yugoslav | |
| 260 | _c1965 | ||
| 490 | _a(Mediterranean regional project 1965) | ||
| 650 |
_aEconomic Development _917300 |
||
| 700 |
_aOrganisationfor economic cooperationa nd development scientific affairs(Directorate for-) _9343796 |
||
| 942 |
_hX:770gT.5923.N6, K5 _cGB _2CC |
||
| 999 |
_c665095 _d665095 |
||